Die 208 beliebtesten ♂ ♀ Vornamen in Polen - Statistiken

Allgemein
  • Dieses Quiz wurde 58 mal gespielt
  • Das Durchschnittsergebnis liegt bei 39 aus 210
Antwortstatistiken
♀ / ♂ Name % Korrekt
Jungen - - > | Mädchen - - > ⤵️
98%
J3 Jan
72%
A4 Anna
63%
M5 Maria
57%
P5 Piotr
56%
A3 Ada
52%
M6 Michal
52%
A4 Alex
50%
J5 Jakub
46%
K5 Kamil
46%
L4 Lena
44%
A5 Aleks
43%
L3 Leo
43%
L6 Lukasz
43%
P5 Pawel
41%
R6 Robert
41%
T6 Tomasz
41%
A4 Adam
39%
H5 Hanna
39%
W6 Wiktor
39%
J5 Julia
37%
L5 Laura
37%
L4 Leon
37%
M5 Marek
37%
D7 Dominik
35%
G8 Grzegorz
35%
R5 Rafal
35%
A6 Antoni
33%
D6 Daniel
33%
E4 Emil
33%
K5 Karol
33%
S6 Szymon
33%
B7 Bartosz
31%
M4 Maja
31%
M10 Malgorzata
31%
S6 Stefan
31%
D6 Damian
30%
D5 Dawid
30%
H6 Helena
30%
M6 Marcin
30%
M5 Marta
30%
O4 Olga
30%
W8 Wiktoria
30%
W8 Wojciech
30%
E3 Ewa
28%
G7 Gabriel
28%
M7 Mateusz
28%
Z5 Zofia
28%
Z7 Zuzanna
28%
A9 Agnieszka
26%
A10 Aleksandra
26%
A9 Alexander
26%
E6 Emilia
26%
F10 Franciszek
26%
I3 Ida
26%
K9 Katarzyna
26%
M6 Maciej
26%
M9 Magdalena
26%
M7 Mikolaj
26%
S4 Sara
26%
A6 Adrian
24%
A10 Aleksander
24%
A5 Artur
24%
F5 Filip
24%
J5 Jerzy
24%
N4 Nina
24%
O6 Oliwia
24%
S9 Sebastian
24%
S9 Stanislaw
24%
J6 Joanna
22%
K9 Krzysztof
22%
L3 Lea
22%
N7 Natalia
22%
O5 Oskar
22%
P6 Patryk
22%
P7 Paulina
22%
S5 Sofia
22%
S6 Sofiia
22%
I4 Igor
20%
K8 Karolina
20%
M6 Maksym
20%
M6 Marcel
20%
M3 Mia
20%
A9 Arkadiusz
19%
B7 Barbara
19%
E4 Emma
19%
F6 Fabian
19%
K5 Kinga
19%
R8 Radoslaw
19%
W8 Weronika
19%
A5 Agata
17%
A6 Amelia
17%
B10 Bartlomiej
17%
J6 Julian
17%
K6 Kacper
17%
K7 Klaudia
17%
K6 Konrad
17%
K4 Kuba
17%
M11 Maksymilian
17%
N3 Nel
17%
N7 Nikodem
17%
R7 Ryszard
17%
A6 Alicja
15%
D5 Daria
15%
D8 Dominika
15%
E5 Elena
15%
H6 Hubert
15%
J5 Jozef
15%
K8 Krystian
15%
L4 Lara
15%
M6 Milosz
15%
P4 Pola
15%
A4 Alan
13%
D5 Diana
13%
H6 Henryk
13%
J7 Jadwiga
13%
K6 Kornel
13%
M4 Mark
13%
M6 Milena
13%
T7 Tadeusz
13%
A8 Adrianna
11%
A5 Alina
11%
D5 David
11%
E4 Eryk
11%
G8 Gabriela
11%
I7 Izabela
11%
K5 Klara
11%
M8 Marianna
11%
N6 Nikola
11%
O6 Olivia
11%
O7 Oliwier
11%
P10 Przemysław
11%
W5 Wanda
11%
A8 Antonina
9%
D6 Dorota
9%
I3 Iga
9%
L5 Lidia
9%
N5 Natan
9%
T9 Tymoteusz
9%
C6 Cezary
7%
E5 Eliza
7%
K6 Kamila
7%
L5 Lilia
7%
L5 Lucja
7%
L5 Luiza
7%
M7 Martyna
7%
M9 Michalina
7%
M5 Milan
7%
N5 Nadia
7%
R4 Rita
7%
S8 Stefania
7%
B6 Blazej
6%
G7 Grazyna
6%
G6 Gustaw
6%
J6 Jagoda
6%
K4 Kaja
6%
K7 Kajetan
6%
L7 Liliana
6%
L8 Lilianna
6%
L5 Liwia
6%
M9 Marcelina
6%
N4 Nela
6%
O4 Olaf
6%
T5 Tymon
6%
U7 Urszula
6%
W6 Witold
6%
A6 Aniela
4%
B6 Blanka
4%
B5 Borys
4%
B5 Bruno
4%
F6 Feliks
4%
F7 Florian
4%
I6 Ignacy
4%
J7 Juliusz
4%
M7 Melania
4%
M7 Mieszko
4%
P8 Patrycja
4%
R9 Remigiusz
4%
R4 Roza
4%
A5 Artem
2%
A7 Aurelia
2%
B6 Bianka
2%
G4 Gaja
2%
J7 Jasmina
2%
K6 Kalina
2%
K9 Kazimierz
2%
K8 Kornelia
2%
L7 Leonard
2%
M7 Malwina
2%
M6 Marika
2%
M7 Matylda
2%
M6 Milana
2%
N8 Nataniel
2%
S7 Seweryn
2%
T6 Teodor
2%
T7 Tobiasz
2%
Z4 Zoja
2%
A8 Anstazja
0%
A8 Apolonia
0%
G9 Gromoslaw
0%
J5 Jagna
0%
J6 Jeremi
0%
K9 Konstanty
0%
K7 Ksawery
0%
M7 Matthew
0%
M6 Matvii
0%
O7 Olivier
0%
R7 Rozalia
0%
Keine übereinstimmenden Quizze gefunden
Verteilung der Resultate
Anzahl Personen mit jedem Resultat
Perzentil nach korrekt beantworteten Fragen
Ihre Resultats-Entwicklung
Sie haben dieses Quiz noch nicht gespielt